Schalke 04: Alle Torschützen der 2010er - Statistiken

Allgemein
  • Dieses Quiz wurde 977 mal gespielt
  • Das Durchschnittsergebnis liegt bei 35 aus 64
Antwortstatistiken
Pos. Nat. Spieler % Korrekt
ST NED Klaas-Jan Huntelaar
96%
ST ESP Raul
94%
VER GER Benedikt Höwedes
89%
MIT PER Jefferson Farfan
84%
MIT GER Leroy Sane
84%
VER SEN Salif Sane
84%
MIT MAR Amine Harit
80%
ST AUT Guido Burgstaller
80%
MIT GER Julian Draxler
80%
ST FIN Teemu Pukki
78%
MIT ALG Nabil Bentaleb
77%
VER BRA Naldo
77%
VER JAP Atsuto Uchida
76%
VER CAM Joel Matip
75%
ST ARG Franco di Santo
71%
MIT GER Leon Goretzka
70%
MIT GER Max Meyer
70%
MIT USA Weston McKennie
70%
MIT CRO Ivan Rakitic
68%
VER SRB Matija Nastasic
68%
ST WAL Rabbi Matondo
67%
VER BIH Sead Kolasinac
67%
ST HUN Adam Szalai
66%
MIT UKR Yevhen Konoplyanka
65%
MIT USA Jermaine Jones
62%
VER AUT Christian Fuchs
61%
MIT AUT Alessandro Schöpf
60%
ST SUI Breel Embolo
60%
MIT ESP Jose Jurado
60%
ST BEL Benito Raman
59%
ST CAM Eric-Maxim Choupo-Moting
59%
MIT ITA Daniel Caligiuri
58%
VER TUR Ozan Kabak
57%
VER ENG Jonjoe Kenny
56%
ST BRA Edu
55%
MIT RUS Roman Neustädter
55%
VER GRE Kyriakos Papadopoulos
53%
ST NIG Chinedu Obasi
50%
ST TUR Ahmed Kutucu
47%
MIT GHA Kevin-Prince Boateng
47%
MIT GER Suat Serdar
47%
ST RUM Ciprian Marica
46%
VER TUR Kaan Ayhan
45%
ST GER Mark Uth
41%
VER ESP Coke
39%
VER BRA Felipe Santana
39%
MIT SUI Tranquillo Barnetta
38%
ST GRE Angelos Charisteas
37%
VER GER Tilo Kehrer
36%
MIT GER Marco Höger
34%
ST USA Haji Wright
33%
MIT GER Lewis Holtby
33%
MIT AUT Michael Gregoritsch
33%
VER GER Bastian Oczipka
32%
VER GER Christoph Metzelder
32%
MIT KOS Donis Avdijaj
31%
MIT BRA Michel Bastos
30%
MIT NED Ibrahim Afellay
29%
ST CRO Marko Pjaca
28%
MIT GER Johannes Geis
26%
MIT MAR Younes Belhanda
25%
MIT GER Peer Kluge
22%
ST BRA Raffael
22%
ST GER Steven Skrzybski
10%
Keine übereinstimmenden Quizze gefunden
Verteilung der Resultate
Anzahl Personen mit jedem Resultat
Perzentil nach korrekt beantworteten Fragen
Ihre Resultats-Entwicklung
Sie haben dieses Quiz noch nicht gespielt